|
|
|
|
| LEADER |
00000caa a22000002c 4500 |
| 001 |
146913232X |
| 003 |
DE-627 |
| 005 |
20220811045806.0 |
| 007 |
tu |
| 008 |
131217s2013 xx ||||| o 00| ||ger c |
| 035 |
|
|
|a (DE-627)146913232X
|
| 035 |
|
|
|a (DE-576)399132325
|
| 035 |
|
|
|a (DE-599)BSZ399132325
|
| 035 |
|
|
|a (OCoLC)1340543223
|
| 040 |
|
|
|a DE-627
|b ger
|c DE-627
|e rakwb
|
| 041 |
|
|
|a ger
|
| 084 |
|
|
|a 19
|2 sdnb
|
| 100 |
1 |
|
|a Piekenbrock, Andreas
|d 1967-
|0 (DE-588)11586590X
|0 (DE-627)513595554
|0 (DE-576)290121280
|4 aut
|
| 245 |
1 |
0 |
|a Voß, Matthias, Die Vorausabtretung in der Insolvenz - [Rezension]
|c Andreas Piekenbrock
|
| 264 |
|
1 |
|c 2013
|
| 300 |
|
|
|a ?
|
| 336 |
|
|
|a Text
|b txt
|2 rdacontent
|
| 337 |
|
|
|a ohne Hilfsmittel zu benutzen
|b n
|2 rdamedia
|
| 338 |
|
|
|a Band
|b nc
|2 rdacarrier
|
| 655 |
|
7 |
|a Rezension
|0 (DE-588)4049712-4
|0 (DE-627)106186019
|0 (DE-576)209083166
|2 gnd-content
|
| 773 |
0 |
8 |
|i In
|t KTS
|d Köln : Heymann, 2004
|g 74(2013), Seite 91
|w (DE-627)388090278
|w (DE-600)2146805-9
|w (DE-576)111724198
|x 1432-461X
|7 nnas
|a Voß, Matthias, Die Vorausabtretung in der Insolvenz - [Rezension]
|
| 773 |
1 |
8 |
|g volume:74
|g year:2013
|g pages:91
|g extent:?
|a Voß, Matthias, Die Vorausabtretung in der Insolvenz - [Rezension]
|
| 787 |
0 |
8 |
|i Rezension von
|a Voß, Matthias, 1971 -
|t Die Vorausabtretung in der Insolvenz
|d Frankfurt am Main : Lang, 2010
|h 211 S.
|w (DE-627)639434908
|w (DE-576)333260309
|z 9783631603673
|
| 951 |
|
|
|a AR
|
| 992 |
|
|
|a 20131217
|
| 993 |
|
|
|a Review
|
| 994 |
|
|
|a 2013
|
| 998 |
|
|
|g 11586590X
|a Piekenbrock, Andreas
|m 11586590X:Piekenbrock, Andreas
|d 20000
|d 21000
|e 20000PP11586590X
|e 21000PP11586590X
|k 0/20000/
|k 1/20000/21000/
|p 1
|x j
|y j
|
| 999 |
|
|
|a KXP-PPN146913232X
|e 277878506X
|
| BIB |
|
|
|a Y
|
| SER |
|
|
|a journal
|
| JSO |
|
|
|a {"type":{"bibl":"article-journal"},"physDesc":[{"extent":"? S."}],"relHost":[{"language":["ger"],"titleAlt":[{"title":"Zeitschrift für Insolvenzrecht"}],"person":[{"given":"Peter","display":"Ulmer, Peter","role":"edt","family":"Ulmer"}],"part":{"text":"74(2013), Seite 91","extent":"?","pages":"91","volume":"74","year":"2013"},"disp":"Voß, Matthias, Die Vorausabtretung in der Insolvenz - [Rezension]KTS","type":{"bibl":"periodical"},"recId":"388090278","pubHistory":["65.2004 -"],"origin":[{"dateIssuedKey":"2004","publisher":"Heymann","dateIssuedDisp":"2004-","publisherPlace":"Köln ; Berlin ; München"}],"title":[{"title_sort":"KTS","subtitle":"Zeitschrift für Insolvenzrecht","title":"KTS"}],"id":{"eki":["388090278"],"issn":["1432-461X"],"zdb":["2146805-9"]}}],"recId":"146913232X","name":{"displayForm":["Andreas Piekenbrock"]},"person":[{"given":"Andreas","display":"Piekenbrock, Andreas","role":"aut","family":"Piekenbrock"}],"title":[{"title":"Voß, Matthias, Die Vorausabtretung in der Insolvenz - [Rezension]","title_sort":"Voß, Matthias, Die Vorausabtretung in der Insolvenz - [Rezension]"}],"language":["ger"],"origin":[{"dateIssuedKey":"2013","dateIssuedDisp":"2013"}],"id":{"eki":["146913232X"]}}
|
| SRT |
|
|
|a PIEKENBROCVOSSMATTHI2013
|